Parmenidész
Elmentve itt :
| További közreműködők: | |
|---|---|
| Adatforrás: | Philobibl |
| Dokumentumtípus: | Könyv |
| Nyelv: | magyar |
| Kulcsszavak: | Parmenides filozófia, ókori, görög világegyetem |
| Megjelent: |
Budapest
Atlantisz
2017
|
| Sorozat: | A kútnál
Platón összes művei kommentárokkal |
| LEADER | 00642nam a2200205 c 4500 | ||
|---|---|---|---|
| 001 | bibJAT00980665 | ||
| 005 | 20220622153918.6 | ||
| 008 | 180123s2017 hu 00100 hun d | ||
| 020 | |a 978 963 9777 50 7 | ||
| 245 | 0 | 0 | |a Parmenidész |c [Platón ; ford., a jegyzeteket és az utószót írta Bárány István] |
| 260 | |a Budapest |b Atlantisz |c 2017 | ||
| 300 | |a 153 p. |c 21 cm | ||
| 490 | 1 | |a A kútnál | |
| 490 | 1 | |a Platón összes művei kommentárokkal | |
| 695 | |a Parmenides | ||
| 695 | |a filozófia, ókori, görög | ||
| 695 | |a világegyetem | ||
| 700 | 1 | |a Bárány István | |
| 830 | 2 | |a A kútnál | |
| 830 | 0 | |a Platón összes művei kommentárokkal | |